00833cam a2200217 a 450000100100000000500170001000800410002704000250006808200170009310000220011024000660013224501490019824600770034726000350042430000240045965000260048365000270050970000240053670000260056070000290058600001896420250717131055.0100521s1988 xxu r 000 0 spa d aDO-SdBNPbspacBNPHU a268.6bT225c1 aTaulman, James E. 0aEncourangers: the sunday school worker´s counseling ministry10aComprender, aconsejar /cJames E. Taulman ; traducción Floreal Ureta, revisión y adaptación Nelly de González, prólogo Wayne E. Oates.11aComprender, aconsejarEncourangersboportunidad para maestros y líderes aTexas :bCasa Bautista,c1988. a90 p. il. ;c21 cm. 0aEducación religiosa 0aEnseñanza programada1 aUreta, Florealetr.1 aGonzález, Nelly de,1 aOates, Wayne E.epról.